Slime Rancher: All Slimes - Statistics

General Stats
  • This quiz has been taken 203 times
    15 since last reset
  • The average score is 39 of 57
Answer Stats
Diet Favorite Food Slime % Correct
Meat Briar Hen Boom Slime
100%
Veggies Odd Onion Crystal Slime
100%
Fruit Prickle Pear Dervish Slime
100%
Ash None Fire Slime
100%
Exclusive Gilded Ginger Gold Slime
100%
Fruit Mint Mango Honey Slime
100%
Meat Roostro Hunter Slime
100%
Meat None Lucky Slime
100%
Veggies Silver Parsnip Mosaic Slime
100%
Fruit Cuberry Phosphor Slime
100%
Fruit, Veggies, Meat None Pink Slime
100%
Water None Puddle Slime
100%
Fruit Phase Lemon Quantum Slime
100%
Electricity None Quicksilver Slime
100%
Veggies Oca Oca Rad Slime
100%
Veggies Heart Beet Rock Slime
100%
Meat Stony Hen Tabby Slime
100%
Meat Painted Hen Tangle Slime
100%
Slimes Ranchers The Tarr
100%
Meat Sea Hen Angler Slime
83%
Fruit Pomegranite Batty Slime
83%
Veggies Water Lettuce Cotton Slime
83%
Nectar Moondew Nectar Flutter Slime
83%
Source Slime's Diet Source Slime's Favorite Gordo Slimes
83%
Source Slimes' Diet Source Slimes' Favorite Largo Slimes
83%
Source Slimes' Diet Source Slimes' Favorite Feral Slimes
67%
None None Glitch Slime
67%
Lilypad Slime
67%
Meat Unknown Saber Slime
67%
None None Yolky Slime
67%
Boomerang Slime
50%
Cheshire Slime
50%
Devilish Slime
50%
Gilded Slime
50%
Veggies Turbo Tater Hyper Slime
50%
Monochrome Slime
50%
Nightshade Slime
50%
Fruit, Veggies, Meat None Party Gordo
50%
Fruit, Veggies, Meat None Ringtail Slime
50%
Royal Jelly Slime
50%
Ruby Red Slime
50%
None None Shadow Slime
50%
Shattered Slime
50%
Meat Candied Hen Sloomber Slime
50%
Sparkly Slime
50%
Tiger Slime
50%
Fruit Polaricherry Twin Slime
50%
Angelic Slime
33%
Arcane Slime
33%
Guardian Slime
33%
Heavy Metal Slime
33%
Pre-Jellasic Slime
33%
None None Twinkle Slime
33%
Nebula Slime
17%
Radiant Slime
17%
Source Slimes' Diet Source Slimes' Favorite Radiant Slimes
17%
Retro Slime
17%
No matching quizzes found
Score Distribution
Percent of People with Each Score
Percentile by Number Answered
Your Score History
You have not taken this quiz since the last reset